Quick Pick: Countries with Nuclear Weapons Quiz Stats

 Plays Quiz Updated Feb 28, 2016

Challenge
Share
Tweet
Embed
Score 0/9 Timer 00:30
3 Plays Today
% Correct
USA
94.9%
Russia
90.5%
China
86.7%
North Korea
83.8%
UK
77.7%
France
73.8%
India
68.7%
Israel
67.5%
Pakistan
65.7%

Today's Daily Dose

Missing Word
TV HA - HZ

Word Ladder
Nordic Capital

On This Day
January 19th II

You're not logged in!

Compare scores with friends on all Sporcle quizzes.
OR
Log In

You Might Also Like...

Show Comments

Extras

Top Quizzes Today


Score Distribution

Your Account Isn't Verified!

In order to create a playlist on Sporcle, you need to verify the email address you used during registration. Go to your Sporcle Settings to finish the process.

Report this User

Report this user for behavior that violates our Community Guidelines.

Details: